[Event "Turkish Cup 2022"]
[Site "Sakarya"]
[Date "2022.03.27"]
[Round "4.41"]
[White "Arslan, Tayfun"]
[Black "Kuru, Atilla"]
[Result "0-1"]
[WhiteElo "1512"]
[BlackElo "1674"]
[Annotator "NA"]
[PlyCount "70"]
[EventDate "2022.03.25"]
[EventType "swiss"]
[EventCountry "TUR"]
[SourceTitle "playchess.com"]
[Source "ChessBase"]
[SourceQuality "1"]
[TimeControl "5400+30"]

1. e4 {[%emt 0:01:00]} e6 {[%emt 0:01:00]} 2. d4 {[%emt 0:00:30]} d5 {[%emt 0:00:30]} 3. exd5 {[%emt 0:00:30]} exd5 {[%emt 0:00:30]} 4. Nf3 {[%emt 0:00:30]} Bd6 {[%emt 0:00:00]} 5. Bd3 {[%emt 0:00:00]} Ne7 {[%emt 0:00:00]} 6. O-O {[%emt 0:00:00]} Bg4 {[%emt 0:00:00]} 7. h3 {[%emt 0:00:00]} Bh5 {[%emt 0:00:00]} 8. Bg5 {[%emt 0:00:00]} f6 {[%emt 0:00:00]} 9. Bh4 {[%emt 0:00:30]} Nbc6 {[%emt 0:00:00]} 10. c3 {[%emt 0:01:30]} Qd7 {[%emt 0:00:00]} 11. b4 {[%emt 0:00:00]} Ng6 {[%emt 0:01:00]} 12. Re1+ {[%emt 0:00:00]} Nce7 {[%emt 0:00:00]} 13. Bg3 {[%emt 0:00:30]} Nf4 {[%emt 0:00:00]} 14. Bxf4 {[%emt 0:01:30]} Bxf4 {[%emt 0:00:30]} 15. Qe2 {[%emt 0:00:30]} Bd6 {[%emt 0:00:30]} 16. Nbd2 {[%emt 0:00:30]} O-O-O {[%emt 0:00:30]} 17. a4 {[%emt 0:00:30]} g5 {[%emt 0:00:30]} 18. Qe6 {[%emt 0:00:30]} Qxe6 {[%emt 0:01:30]} 19. Rxe6 {[%emt 0:00:30]} Rdf8 {[%emt 0:00:30]} 20. Rae1 {[%emt 0:00:30]} Kd7 {[%emt 0:00:00]} 21. g4 {[%emt 0:04:30]} Bg6 {[%emt 0:00:00]} 22. Bxg6 {[%emt 0:00:30]} Nxg6 {[%emt 0:00:00]} 23. R6e3 {[%emt 0:03:30]} h5 {[%emt 0:00:00]} 24. gxh5 {[%emt 0:11:30]} Rxh5 {[%emt 0:00:30]} 25. Kf1 {[%emt 0:01:30]} Nf4 {[%emt 0:00:30]} 26. Ng1 {[%emt 0:00:30]} Rfh8 {[%emt 0:00:30]} 27. Rf3 {[%emt 0:11:30]} Nxh3 {[%emt 0:00:00]} 28. Nxh3 {[%emt 0:05:30]} Rxh3 {[%emt 0:00:00]} 29. Ree3 {[%emt 0:04:30]} Rh1+ {[%emt 0:00:30]} 30. Ke2 {[%emt 0:01:30]} Bf4 {[%emt 0:00:30]} 31. Nf1 {[%emt 0:01:30]} Bxe3 {[%emt 0:00:30]} 32. Nxe3 {[%emt 0:00:30]} Ke6 {[%emt 0:00:30]} 33. c4 {[%emt 0:00:30]} c6 {[%emt 0:00:00]} 34. cxd5+ {[%emt 0:01:30]} cxd5 {[%emt 0:00:00]} 35. Nd1 {[%emt 0:02:30]} R8h3 {[%emt 0:00:30]} 0-1

[Event "Turkish Cup 2022"]
[Site "Sakarya"]
[Date "2022.03.27"]
[Round "4.42"]
[White "Kurdas, Halil Ibrahim"]
[Black "Kervancioglu, Talu"]
[Result "1-0"]
[WhiteElo "1850"]
[BlackElo "1497"]
[Annotator "NA"]
[PlyCount "63"]
[EventDate "2022.03.25"]
[EventType "swiss"]
[EventCountry "TUR"]
[SourceTitle "playchess.com"]
[Source "ChessBase"]
[SourceQuality "1"]
[TimeControl "5400+30"]

1. e4 {[%emt 0:01:00]} c5 {[%emt 0:01:00]} 2. Nf3 {[%emt 0:00:30]} g6 {[%emt 0:00:00]} 3. d4 {[%emt 0:00:30]} cxd4 {[%emt 0:00:00]} 4. Nxd4 {[%emt 0:00:30]} Nc6 {[%emt 0:00:30]} 5. Bc4 {[%emt 0:01:30]} Bg7 {[%emt 0:00:30]} 6. Be3 {[%emt 0:01:30]} Nf6 {[%emt 0:00:00]} 7. Nc3 {[%emt 0:00:00]} Qa5 {[%emt 0:00:00]} 8. f3 {[%emt 0:02:00]} Qb4 {[%emt 0:02:30]} 9. Nxc6 {[%emt 0:05:30]} Qxc4 {[%emt 0:05:30]} 10. Ne5 {[%emt 0:03:30]} Qc7 {[%emt 0:02:30]} 11. Nd3 {[%emt 0:01:30]} d6 {[%emt 0:00:30]} 12. Qd2 {[%emt 0:01:30]} a6 {[%emt 0:01:30]} 13. Nf4 {[%emt 0:02:30]} Be6 {[%emt 0:09:30]} 14. Bd4 {[%emt 0:09:30]} O-O {[%emt 0:09:30]} 15. g4 {[%emt 0:01:30]} Qc4 {[%emt 0:16:30]} 16. O-O-O {[%emt 0:13:30]} Rac8 {[%emt 0:13:30]} 17. h4 {[%emt 0:13:30]} b5 {[%emt 0:05:30]} 18. b3 {[%emt 0:04:30]} Qb4 {[%emt 0:05:30]} 19. Kb2 {[%emt 0:04:30]} Bxb3 {[%emt 0:12:39]} 20. a3 {[%emt 0:04:30]} Qa5 {[%emt 0:02:19]} 21. cxb3 {[%emt 0:07:42]} e5 {[%emt 0:00:29]} 22. Bxe5 {[%emt 0:02:27]} dxe5 {[%emt 0:00:30]} 23. Nfd5 {[%emt 0:00:00]} Kh8 {[%emt 0:04:31]} 24. b4 {[%emt 0:01:24]} Qd8 {[%emt 0:00:10]} 25. h5 {[%emt 0:00:00]} a5 {[%emt 0:01:46]} 26. h6 {[%emt 0:00:54]} Ng8 {[%emt 0:01:36]} 27. hxg7+ {[%emt 0:00:30]} Kxg7 {[%emt 0:00:30]} 28. Qh2 {[%emt 0:00:30]} h6 {[%emt 0:00:30]} 29. Qxe5+ {[%emt 0:00:30]} f6 {[%emt 0:00:30]} 30. Qh2 {[%emt 0:01:04]} axb4 {[%emt 0:00:00]} 31. axb4 {[%emt 0:00:08]} Ra8 {[%emt 0:02:04]} 32. Qc7+ {[%emt 0:00:14]} 1-0

[Event "Turkish Cup 2022"]
[Site "Sakarya"]
[Date "2022.03.27"]
[Round "4.43"]
[White "Once, Ahmet Asim"]
[Black "Durucay, Uygar"]
[Result "0-1"]
[WhiteElo "1450"]
[BlackElo "1700"]
[Annotator "NA"]
[PlyCount "90"]
[EventDate "2022.03.25"]
[EventType "swiss"]
[EventCountry "TUR"]
[SourceTitle "playchess.com"]
[Source "ChessBase"]
[SourceQuality "1"]
[TimeControl "5400+30"]

1. d4 {[%emt 0:01:00]} Nf6 {[%emt 0:01:00]} 2. Nf3 {[%emt 0:00:30]} e6 {[%emt 0:00:30]} 3. g3 {[%emt 0:02:30]} d5 {[%emt 0:00:30]} 4. Bg2 {[%emt 0:00:30]} Be7 {[%emt 0:00:30]} 5. O-O {[%emt 0:00:30]} O-O {[%emt 0:00:00]} 6. b3 {[%emt 0:00:00]} b6 {[%emt 0:00:00]} 7. Bb2 {[%emt 0:01:00]} Bb7 {[%emt 0:00:00]} 8. Nbd2 {[%emt 0:01:30]} c5 {[%emt 0:00:00]} 9. e3 {[%emt 0:00:30]} Nc6 {[%emt 0:00:30]} 10. c4 {[%emt 0:04:30]} cxd4 {[%emt 0:04:30]} 11. exd4 {[%emt 0:01:30]} Rc8 {[%emt 0:02:30]} 12. a3 {[%emt 0:08:30]} Rc7 {[%emt 0:03:30]} 13. Rc1 {[%emt 0:04:30]} Qa8 {[%emt 0:01:30]} 14. cxd5 {[%emt 0:14:30]} Nxd5 {[%emt 0:01:30]} 15. Qe2 {[%emt 0:01:30]} Rfc8 {[%emt 0:03:30]} 16. h4 {[%emt 0:07:30]} h6 {[%emt 0:14:30]} 17. Rfe1 {[%emt 0:07:30]} Nf6 {[%emt 0:02:30]} 18. Qe3 {[%emt 0:06:30]} b5 {[%emt 0:04:30]} 19. Bh3 {[%emt 0:11:30]} Nd8 {[%emt 0:05:30]} 20. Ne5 {[%emt 0:08:09]} Bd5 {[%emt 0:01:30]} 21. g4 {[%emt 0:03:59]} Nh7 {[%emt 0:02:30]} 22. Ndf3 {[%emt 0:03:18]} Nc6 {[%emt 0:11:30]} 23. Nxc6 {[%emt 0:04:08]} Rxc6 {[%emt 0:02:30]} 24. Ne5 {[%emt 0:00:49]} Rc2 {[%emt 0:01:30]} 25. Re2 {[%emt 0:01:34]} Rxc1+ {[%emt 0:01:30]} 26. Bxc1 {[%emt 0:00:30]} Bxh4 {[%emt 0:00:30]} 27. f4 {[%emt 0:00:30]} Bd8 {[%emt 0:00:00]} 28. Bd2 {[%emt 0:03:57]} Nf6 {[%emt 0:01:00]} 29. g5 {[%emt 0:00:42]} hxg5 {[%emt 0:01:30]} 30. fxg5 {[%emt 0:00:18]} Ne4 {[%emt 0:00:30]} 31. Qf4 {[%emt 0:01:08]} Nxg5 {[%emt 0:02:30]} 32. Qf1 {[%emt 0:00:48]} Qb7 {[%emt 0:02:30]} 33. Bg4 {[%emt 0:00:25]} Ne4 {[%emt 0:10:30]} 34. Bh5 {[%emt 0:00:39]} g6 {[%emt 0:01:22]} 35. Bxg6 {[%emt 0:00:30]} fxg6 {[%emt 0:02:23]} 36. Rg2 {[%emt 0:00:33]} g5 {[%emt 0:01:45]} 37. Bb4 {[%emt 0:00:28]} Qg7 {[%emt 0:00:23]} 38. Ng4 {[%emt 0:00:29]} Qxd4+ {[%emt 0:00:57]} 39. Kh2 {[%emt 0:00:30]} Bc7+ {[%emt 0:00:17]} 40. Rg3 {[%emt 0:00:34]} Bxg3+ {[%emt 0:00:11]} 41. Kg2 {[%emt 0:00:22]} Nd2+ {[%emt 0:00:14]} 42. Kxg3 {[%emt 0:00:05]} Nxf1+ {[%emt 0:00:04]} 43. Kh3 {[%emt 0:00:05]} Qh8+ {[%emt 0:00:34]} 44. Nh6+ {[%emt 0:00:30]} Qxh6+ {[%emt 0:00:30]} 45. Kg4 {[%emt 0:00:30]} Qh4# {[%emt 0:00:00]} 0-1

[Event "Turkish Cup 2022"]
[Site "Sakarya"]
[Date "2022.03.27"]
[Round "4.44"]
[White "Hatirli, Ugur Can"]
[Black "Er, Mira"]
[Result "0-1"]
[WhiteElo "1818"]
[BlackElo "1415"]
[Annotator "NA"]
[PlyCount "112"]
[EventDate "2022.03.25"]
[EventType "swiss"]
[EventCountry "TUR"]
[SourceTitle "playchess.com"]
[Source "ChessBase"]
[SourceQuality "1"]
[TimeControl "5400+30"]

1. d4 {[%emt 0:01:00]} c5 {[%emt 0:01:00]} 2. e3 {[%emt 0:02:30]} Nf6 {[%emt 0:00:00]} 3. Nf3 {[%emt 0:00:30]} d5 {[%emt 0:01:00]} 4. c3 {[%emt 0:03:30]} Nc6 {[%emt 0:01:30]} 5. Bd3 {[%emt 0:00:30]} g6 {[%emt 0:00:00]} 6. Nbd2 {[%emt 0:00:30]} Bg7 {[%emt 0:00:00]} 7. Qe2 {[%emt 0:02:30]} O-O {[%emt 0:00:30]} 8. dxc5 {[%emt 0:01:30]} Nd7 {[%emt 0:02:30]} 9. Nb3 {[%emt 0:01:30]} Nde5 {[%emt 0:00:30]} 10. Nxe5 {[%emt 0:05:30]} Nxe5 {[%emt 0:00:30]} 11. Bc2 {[%emt 0:00:30]} Qc7 {[%emt 0:02:30]} 12. O-O {[%emt 0:08:30]} Ng4 {[%emt 0:02:30]} 13. f4 {[%emt 0:01:30]} a5 {[%emt 0:00:30]} 14. a4 {[%emt 0:02:30]} f5 {[%emt 0:03:30]} 15. Bd2 {[%emt 0:02:30]} e5 {[%emt 0:01:30]} 16. h3 {[%emt 0:01:30]} Nf6 {[%emt 0:00:30]} 17. fxe5 {[%emt 0:05:30]} Qxe5 {[%emt 0:00:30]} 18. Nd4 {[%emt 0:00:30]} Ne4 {[%emt 0:00:30]} 19. Bxe4 {[%emt 0:00:30]} Qxe4 {[%emt 0:02:30]} 20. Qf3 {[%emt 0:06:30]} Bd7 {[%emt 0:01:30]} 21. Qxe4 {[%emt 0:05:30]} dxe4 {[%emt 0:00:30]} 22. Rfc1 {[%emt 0:07:30]} Rfc8 {[%emt 0:00:30]} 23. Nb3 {[%emt 0:02:30]} Be6 {[%emt 0:01:30]} 24. Ra3 {[%emt 0:05:30]} Rd8 {[%emt 0:04:30]} 25. Be1 {[%emt 0:03:30]} Bf8 {[%emt 0:10:30]} 26. c4 {[%emt 0:05:30]} Rd3 {[%emt 0:01:30]} 27. Bf2 {[%emt 0:12:45]} Bh6 {[%emt 0:04:30]} 28. Nd4 {[%emt 0:02:24]} Rxd4 {[%emt 0:01:30]} 29. exd4 {[%emt 0:02:42]} Bxc1 {[%emt 0:00:30]} 30. d5 {[%emt 0:00:00]} Bd7 {[%emt 0:01:30]} 31. Rb3 {[%emt 0:01:08]} e3 {[%emt 0:00:30]} 32. Bh4 {[%emt 0:01:23]} g5 {[%emt 0:01:30]} 33. Bxg5 {[%emt 0:00:27]} e2 {[%emt 0:04:30]} 34. Bh4 {[%emt 0:00:03]} Bd2 {[%emt 0:00:00]} 35. Rxb7 {[%emt 0:02:41]} Bxa4 {[%emt 0:03:00]} 36. c6 {[%emt 0:03:42]} e1=Q+ {[%emt 0:01:30]} 37. Bxe1 {[%emt 0:00:04]} Bxe1 {[%emt 0:00:30]} 38. c7 {[%emt 0:01:39]} Rc8 {[%emt 0:00:30]} 39. b3 {[%emt 0:00:56]} Bd7 {[%emt 0:01:30]} 40. c5 {[%emt 0:00:30]} Bg3 {[%emt 0:00:30]} 41. d6 {[%emt 0:00:23]} Be5 {[%emt 0:00:30]} 42. b4 {[%emt 0:01:01]} Bd4+ {[%emt 0:00:30]} 43. Kh2 {[%emt 0:00:12]} axb4 {[%emt 0:00:30]} 44. c6 {[%emt 0:00:51]} Bxc6 {[%emt 0:00:00]} 45. Rb8 {[%emt 0:00:19]} Bd7 {[%emt 0:00:00]} 46. Rxb4 {[%emt 0:00:14]} Bc5 {[%emt 0:00:30]} 47. Rc4 {[%emt 0:00:48]} Bxd6+ {[%emt 0:00:30]} 48. g3 {[%emt 0:00:00]} Bxc7 {[%emt 0:01:30]} 49. Rd4 {[%emt 0:00:00]} Bc6 {[%emt 0:00:30]} 50. h4 {[%emt 0:00:14]} Be4 {[%emt 0:00:00]} 51. Kh3 {[%emt 0:00:19]} Bb6 {[%emt 0:00:00]} 52. Rd1 {[%emt 0:00:47]} Rc2 {[%emt 0:00:30]} 53. h5 {[%emt 0:00:00]} h6 {[%emt 0:00:30]} 54. Rd7 {[%emt 0:00:26]} Bg2+ {[%emt 0:00:30]} 55. Kh4 {[%emt 0:00:30]} Bf1 {[%emt 0:00:30]} 56. g4 {[%emt 0:00:30]} Bf2# {[%emt 0:00:30]} 0-1

[Event "Turkish Cup 2022"]
[Site "Sakarya"]
[Date "2022.03.27"]
[Round "4.45"]
[White "Zaimov, Berk"]
[Black "Serbulent, Huseyin"]
[Result "0-1"]
[WhiteElo "1498"]
[BlackElo "1775"]
[Annotator "NA"]
[PlyCount "92"]
[EventDate "2022.03.25"]
[EventType "swiss"]
[EventCountry "TUR"]
[SourceTitle "playchess.com"]
[Source "ChessBase"]
[SourceQuality "1"]
[TimeControl "5400+30"]

1. e4 {[%emt 0:06:00]} g6 {[%emt 0:01:00]} 2. d4 {[%emt 0:00:00]} Bg7 {[%emt 0:00:00]} 3. Nc3 {[%emt 0:01:00]} d6 {[%emt 0:00:00]} 4. Be3 {[%emt 0:00:00]} a6 {[%emt 0:00:30]} 5. Nf3 {[%emt 0:02:00]} Nd7 {[%emt 0:00:30]} 6. Bd3 {[%emt 0:02:30]} b5 {[%emt 0:01:30]} 7. Qd2 {[%emt 0:03:30]} Bb7 {[%emt 0:04:30]} 8. a4 {[%emt 0:07:30]} b4 {[%emt 0:00:30]} 9. Ne2 {[%emt 0:00:30]} c5 {[%emt 0:01:30]} 10. c3 {[%emt 0:00:00]} Qa5 {[%emt 0:04:30]} 11. O-O {[%emt 0:05:00]} Ngf6 {[%emt 0:02:30]} 12. e5 {[%emt 0:12:30]} Ne4 {[%emt 0:05:30]} 13. Bxe4 {[%emt 0:01:30]} Bxe4 {[%emt 0:02:30]} 14. Ng5 {[%emt 0:04:30]} Bf5 {[%emt 0:01:30]} 15. exd6 {[%emt 0:03:30]} exd6 {[%emt 0:00:30]} 16. Ng3 {[%emt 0:00:30]} bxc3 {[%emt 0:04:30]} 17. bxc3 {[%emt 0:00:30]} c4 {[%emt 0:00:00]} 18. Bf4 {[%emt 0:02:30]} O-O {[%emt 0:02:00]} 19. Bxd6 {[%emt 0:01:30]} Rfe8 {[%emt 0:01:30]} 20. Qf4 {[%emt 0:11:30]} h6 {[%emt 0:03:30]} 21. N5e4 {[%emt 0:02:30]} Bxe4 {[%emt 0:01:30]} 22. Nxe4 {[%emt 0:00:30]} g5 {[%emt 0:05:30]} 23. Qf3 {[%emt 0:05:30]} Qd5 {[%emt 0:00:30]} 24. Be5 {[%emt 0:03:30]} f6 {[%emt 0:02:30]} 25. Nd6 {[%emt 0:07:26]} Qxf3 {[%emt 0:00:30]} 26. gxf3 {[%emt 0:00:30]} fxe5 {[%emt 0:00:30]} 27. Nxe8 {[%emt 0:00:30]} Rxe8 {[%emt 0:00:30]} 28. Rfe1 {[%emt 0:02:39]} Kf7 {[%emt 0:00:30]} 29. Re4 {[%emt 0:03:31]} exd4 {[%emt 0:06:30]} 30. cxd4 {[%emt 0:00:28]} Rxe4 {[%emt 0:00:30]} 31. fxe4 {[%emt 0:00:30]} Bxd4 {[%emt 0:00:30]} 32. Rd1 {[%emt 0:00:17]} Ne5 {[%emt 0:00:00]} 33. Kf1 {[%emt 0:02:32]} Bb2 {[%emt 0:00:00]} 34. Rd8 {[%emt 0:08:31]} c3 {[%emt 0:01:30]} 35. Rc8 {[%emt 0:00:04]} Nd3 {[%emt 0:00:30]} 36. Ke2 {[%emt 0:00:47]} Nb4 {[%emt 0:00:30]} 37. Kd1 {[%emt 0:00:13]} c2+ {[%emt 0:00:30]} 38. Rxc2 {[%emt 0:00:30]} Nxc2 {[%emt 0:00:30]} 39. Kxc2 {[%emt 0:00:00]} Bd4 {[%emt 0:00:30]} 40. f3 {[%emt 0:00:28]} Ke6 {[%emt 0:00:30]} 41. Kd3 {[%emt 0:00:16]} Ke5 {[%emt 0:00:30]} 42. a5 {[%emt 0:00:25]} Bg1 {[%emt 0:01:30]} 43. h3 {[%emt 0:00:16]} Kd6 {[%emt 0:02:30]} 44. Kc4 {[%emt 0:00:21]} Bf2 {[%emt 0:00:30]} 45. Kb4 {[%emt 0:00:57]} Be1+ {[%emt 0:00:30]} 46. Ka4 {[%emt 0:00:00]} Ke5 {[%emt 0:00:30]} 0-1

[Event "Turkish Cup 2022"]
[Site "Sakarya"]
[Date "2022.03.27"]
[Round "4.46"]
[White "Aysoy, Veysi"]
[Black "Erke, Mustafa Yigit"]
[Result "1-0"]
[WhiteElo "1811"]
[BlackElo "1517"]
[Annotator "NA"]
[PlyCount "99"]
[EventDate "2022.03.25"]
[EventType "swiss"]
[EventCountry "TUR"]
[SourceTitle "playchess.com"]
[Source "ChessBase"]
[SourceQuality "1"]
[TimeControl "5400+30"]

1. d4 {[%emt 0:01:00]} f5 {[%emt 0:01:00]} 2. g3 {[%emt 0:03:30]} g6 {[%emt 0:00:30]} 3. Bg2 {[%emt 0:00:00]} Bg7 {[%emt 0:00:00]} 4. Nf3 {[%emt 0:02:00]} Nf6 {[%emt 0:00:00]} 5. O-O {[%emt 0:00:30]} O-O {[%emt 0:00:00]} 6. c4 {[%emt 0:00:30]} d6 {[%emt 0:01:00]} 7. Nc3 {[%emt 0:00:30]} Nc6 {[%emt 0:00:30]} 8. d5 {[%emt 0:01:30]} Ne5 {[%emt 0:00:00]} 9. Nxe5 {[%emt 0:01:30]} dxe5 {[%emt 0:00:00]} 10. Qb3 {[%emt 0:00:30]} Nd7 {[%emt 0:02:30]} 11. Rd1 {[%emt 0:03:30]} a5 {[%emt 0:05:30]} 12. Na4 {[%emt 0:06:30]} Kh8 {[%emt 0:04:30]} 13. c5 {[%emt 0:02:30]} b5 {[%emt 0:00:00]} 14. cxb6 {[%emt 0:06:30]} cxb6 {[%emt 0:01:00]} 15. d6 {[%emt 0:06:30]} Rb8 {[%emt 0:05:30]} 16. Bg5 {[%emt 0:12:30]} Bf6 {[%emt 0:01:30]} 17. Bh6 {[%emt 0:01:30]} Bg7 {[%emt 0:00:00]} 18. Qe6 {[%emt 0:10:30]} exd6 {[%emt 0:01:00]} 19. Bxg7+ {[%emt 0:01:30]} Kxg7 {[%emt 0:00:00]} 20. Qxd6 {[%emt 0:00:30]} Qf6 {[%emt 0:00:00]} 21. Qc7 {[%emt 0:00:30]} e4 {[%emt 0:01:30]} 22. Rac1 {[%emt 0:03:30]} f4 {[%emt 0:07:30]} 23. Bxe4 {[%emt 0:02:30]} fxg3 {[%emt 0:00:30]} 24. Qxg3 {[%emt 0:05:30]} Ne5 {[%emt 0:03:30]} 25. Nc3 {[%emt 0:05:30]} Qf4 {[%emt 0:08:30]} 26. e3 {[%emt 0:02:30]} Qxg3+ {[%emt 0:12:30]} 27. hxg3 {[%emt 0:00:30]} Bg4 {[%emt 0:01:30]} 28. Rd5 {[%emt 0:07:44]} Nf3+ {[%emt 0:00:00]} 29. Kf1 {[%emt 0:02:42]} Rbd8 {[%emt 0:01:00]} 30. Kg2 {[%emt 0:02:04]} Nd2 {[%emt 0:02:30]} 31. Rxd8 {[%emt 0:02:01]} Rxd8 {[%emt 0:00:30]} 32. Rc2 {[%emt 0:02:42]} Be6 {[%emt 0:04:30]} 33. Bc6 {[%emt 0:01:46]} Rd6 {[%emt 0:03:30]} 34. Ne4 {[%emt 0:00:55]} Nxe4 {[%emt 0:01:30]} 35. Bxe4 {[%emt 0:00:02]} Bxa2 {[%emt 0:00:30]} 36. Bf3 {[%emt 0:03:43]} Bd5 {[%emt 0:01:30]} 37. e4 {[%emt 0:00:48]} Bc6 {[%emt 0:00:00]} 38. e5 {[%emt 0:00:00]} Bxf3+ {[%emt 0:01:00]} 39. Kxf3 {[%emt 0:00:30]} Rd7 {[%emt 0:00:30]} 40. Ke4 {[%emt 0:00:30]} Kf7 {[%emt 0:00:30]} 41. f4 {[%emt 0:00:30]} a4 {[%emt 0:00:30]} 42. g4 {[%emt 0:00:00]} Rb7 {[%emt 0:22:53]} 43. f5 {[%emt 0:00:16]} b5 {[%emt 0:03:06]} 44. Rh2 {[%emt 0:00:44]} Kg8 {[%emt 0:04:41]} 45. f6 {[%emt 0:00:28]} b4 {[%emt 0:01:08]} 46. e6 {[%emt 0:00:41]} b3 {[%emt 0:01:28]} 47. f7+ {[%emt 0:00:34]} Kg7 {[%emt 0:00:55]} 48. Rxh7+ {[%emt 0:00:46]} Kxh7 {[%emt 0:00:30]} 49. f8=Q {[%emt 0:00:16]} a3 {[%emt 0:00:07]} 50. Qxa3 {[%emt 0:00:26]} 1-0

[Event "Turkish Cup 2022"]
[Site "Sakarya"]
[Date "2022.03.27"]
[Round "4.47"]
[White "Aydemir, Umut"]
[Black "Gok, Emre"]
[Result "0-1"]
[WhiteElo "1554"]
[BlackElo "1745"]
[Annotator "NA"]
[PlyCount "92"]
[EventDate "2022.03.25"]
[EventType "swiss"]
[EventCountry "TUR"]
[SourceTitle "playchess.com"]
[Source "ChessBase"]
[SourceQuality "1"]
[TimeControl "5400+30"]

1. d4 {[%emt 0:01:00]} f5 {[%emt 0:09:00]} 2. Nh3 {[%emt 0:00:30]} Nf6 {[%emt 0:00:30]} 3. g3 {[%emt 0:00:30]} e6 {[%emt 0:00:30]} 4. Bg2 {[%emt 0:00:30]} d5 {[%emt 0:00:30]} 5. c4 {[%emt 0:00:30]} c6 {[%emt 0:00:30]} 6. Qc2 {[%emt 0:00:00]} Bd6 {[%emt 0:00:30]} 7. Nd2 {[%emt 0:00:00]} O-O {[%emt 0:00:00]} 8. O-O {[%emt 0:00:00]} Qe8 {[%emt 0:10:00]} 9. Nf3 {[%emt 0:05:00]} Nbd7 {[%emt 0:01:30]} 10. Bf4 {[%emt 0:03:30]} Ne4 {[%emt 0:05:30]} 11. Bxd6 {[%emt 0:07:30]} Nxd6 {[%emt 0:00:30]} 12. b3 {[%emt 0:00:30]} Nf6 {[%emt 0:03:30]} 13. Ne5 {[%emt 0:01:30]} Nd7 {[%emt 0:05:30]} 14. f3 {[%emt 0:16:30]} Nxe5 {[%emt 0:01:30]} 15. dxe5 {[%emt 0:01:30]} Nf7 {[%emt 0:00:30]} 16. e4 {[%emt 0:00:30]} fxe4 {[%emt 0:13:30]} 17. fxe4 {[%emt 0:01:30]} d4 {[%emt 0:00:30]} 18. c5 {[%emt 0:02:30]} Nxe5 {[%emt 0:01:30]} 19. Qd2 {[%emt 0:00:30]} Ng4 {[%emt 0:12:30]} 20. Rxf8+ {[%emt 0:07:30]} Qxf8 {[%emt 0:01:30]} 21. Rf1 {[%emt 0:00:30]} Qe7 {[%emt 0:09:30]} 22. Qxd4 {[%emt 0:07:30]} e5 {[%emt 0:00:30]} 23. Qc3 {[%emt 0:01:30]} Be6 {[%emt 0:00:30]} 24. Nf2 {[%emt 0:00:30]} Rd8 {[%emt 0:02:30]} 25. Nd3 {[%emt 0:06:30]} Qg5 {[%emt 0:01:01]} 26. Re1 {[%emt 0:01:30]} Rd4 {[%emt 0:04:24]} 27. h3 {[%emt 0:04:30]} Nf6 {[%emt 0:04:17]} 28. Kh2 {[%emt 0:01:30]} Nh5 {[%emt 0:01:12]} 29. Nf2 {[%emt 0:11:53]} Qd2 {[%emt 0:01:42]} 30. Qf3 {[%emt 0:02:15]} Qxe1 {[%emt 0:03:23]} 31. Qxh5 {[%emt 0:00:05]} Qxf2 {[%emt 0:01:10]} 32. Qe8+ {[%emt 0:00:30]} Qf8 {[%emt 0:00:30]} 33. Qxe6+ {[%emt 0:00:30]} Kh8 {[%emt 0:00:00]} 34. Qxe5 {[%emt 0:00:00]} Rd2 {[%emt 0:01:22]} 35. Qc7 {[%emt 0:02:46]} h6 {[%emt 0:00:57]} 36. h4 {[%emt 0:01:40]} Qf2 {[%emt 0:00:30]} 37. Qc8+ {[%emt 0:00:30]} Kh7 {[%emt 0:00:05]} 38. Qh3 {[%emt 0:00:00]} Qxc5 {[%emt 0:02:08]} 39. h5 {[%emt 0:00:54]} Rd1 {[%emt 0:00:55]} 40. Qg4 {[%emt 0:00:09]} Rd6 {[%emt 0:01:08]} 41. e5 {[%emt 0:00:25]} Qxe5 {[%emt 0:00:26]} 42. Be4+ {[%emt 0:00:17]} Kg8 {[%emt 0:00:30]} 43. Qc8+ {[%emt 0:00:30]} Kf7 {[%emt 0:00:00]} 44. Bg6+ {[%emt 0:00:17]} Kf6 {[%emt 0:01:18]} 45. Qf8+ {[%emt 0:00:54]} Kg5 {[%emt 0:00:03]} 46. Qf2 {[%emt 0:03:51]} c5 {[%emt 0:01:27]} 0-1

[Event "Turkish Cup 2022"]
[Site "Sakarya"]
[Date "2022.03.28"]
[Round "5.1"]
[White "Gulbeyaz, Emir"]
[Black "Sevgi, Volkan"]
[Result "1/2-1/2"]
[WhiteElo "2218"]
[BlackElo "2344"]
[Annotator "TA"]
[PlyCount "90"]
[EventDate "2022.03.25"]
[EventType "swiss"]
[EventCountry "TUR"]
[SourceTitle "playchess.com"]
[Source "ChessBase"]
[SourceQuality "1"]

{[%evp 15,90,-13,-12,-42,-42,-43,-52,-81,-90,-63,-11,-11,-18,-21,-17,-45,-35,-45,-45,-45,-45,-45,-45,-45,-45,-47,-45,-54,-45,-58,-60,-66,-66,-75,-59,-60,-49,-61,-61,-58,-60,-85,-39,-83,-9,-9,-8,-64,35,9,37,0,10,0,0,0,0,0,0,-7,-6,-9,0,0,0,-10,0,0,0,0,0,0,0,-16,0,0,0]} 1. d4 Nf6 2. Nf3 e6 3. Bf4 d5 4. e3 c5 5. Nbd2 Bd6 6. Bg3 Qc7 7. c3 Nbd7 8. Bd3 O-O 9. e4 {D02: 1 d4 d5 2 Nf3 sidelines, including 2...Nf6 3 g3 and 2...Nf6 3 Bf4.} cxd4 10. cxd4 dxe4 11. Nxe4 {Black is slightly better.} Nxe4 12. Bxe4 {[#]} Bb4+ $146 (12... Nf6 $15 13. Bd3 Qa5+ 14. Kf1 Be7) ({Predecessor:} 12... Nf6 13. Bd3 Qa5+ 14. Ke2 Rd8 15. Bh4 Bd7 16. Bxf6 gxf6 17. Qd2 Qxd2+ 18. Nxd2 f5 {0-1 (38) So,W (2815)-Carlsen,M (2832) Chess.com INT 2017}) 13. Nd2 $11 Qd8 {[#] Strongly threatening ...f5.} 14. a3 Be7 {aiming for ...f5.} 15. Rc1 ({But not} 15. Qh5 Nf6 16. Qe5 Nxe4 17. Qxe4 Bd7 18. Qxb7 Qc8 19. Qxc8 Rfxc8 $15) 15... Nf6 16. Be5 Nxe4 17. Nxe4 f6 18. Bc7 Qd5 19. f3 b6 20. O-O Ba6 21. Re1 Rac8 22. Nc3 Qd7 23. Bg3 Rfd8 24. Bf2 Bc4 25. Qd2 b5 26. Qe3 a5 {[%cal Ba7a5,Ba5a4][%mdl 32]} 27. Ne4 a4 {Inhibits b3.} 28. g4 f5 ({Black should play} 28... Bf8 $17) 29. Nd2 (29. Nc5 $15 {is more appropriate.} Bxc5 30. dxc5) 29... fxg4 ({Black should try} 29... Bd5 $17 {White must now prevent ...Rxc1.} 30. Rxc8 Qxc8 31. gxf5 Qc2) 30. Nxc4 bxc4 31. fxg4 (31. Qxe6+ $11 Qxe6 32. Rxe6) 31... e5 (31... Rc6 $1 $15) 32. h3 ({Reject} 32. dxe5 Qxg4+ 33. Qg3 Qf5 $17) (32. Qe2 $5 {[%cal Rc1c4]}) 32... Kh8 33. Qxe5 Bf6 {The position is equal.} 34. Qf4 Qb5 {[#] And now ...Bg5 would win.} 35. Rc2 {[%cal Bc1c2,Bc2e2,Be2e4][%mdl 32]} Qb3 {[%csl LRc2,LRh3]} 36. Rce2 {g5 is the strong threat.} h6 {To avoid g5} 37. h4 Rf8 {[%cal Of6h4]} 38. Qh2 c3 39. bxc3 Qxc3 40. Re4 Kg8 41. Qg2 {Hoping for g5.} Rcd8 {[%cal Rf6d4]} 42. R1e3 Qc1+ 43. Re1 Qc3 {[%cal Rf6d4]} 44. R1e3 Qc1+ {[%mdl 1024] Black has compensation.} 45. Re1 Qc3 {Weighted Error Value: White=0.13 (very precise) /Black=0.14 (very precise)} 1/2-1/2